Municipalities of Södermanland County - Statistics

General Stats
  • This quiz has been taken 24 times
  • The average score is 6 of 9
Answer Stats
Answer % Correct
Nyköping
88%
Flen
76%
Eskilstuna
71%
Trosa
71%
Gnesta
65%
Katrineholm
65%
Oxelösund
65%
Strängnäs
59%
Vingåker
59%
No matching quizzes found
Score Distribution
Percent of People with Each Score
Percentile by Number Answered
Your Score History
You have not taken this quiz